|
|
|
|
| LEADER |
00000nab a2200000 a 4500 |
| 001 |
vtls000454995 |
| 003 |
SK-MaSNL |
| 005 |
20260303174101.0 |
| 008 |
140617c xo 0 slo |
| 015 |
|
|
|a SNBRB19rr/mm-uuuuu
|
| 035 |
|
|
|a CL0455126
|
| 040 |
|
|
|a SNKBUCL
|b slo
|c SNKBUCL
|e AACR2
|
| 041 |
0 |
|
|a slo
|
| 044 |
|
|
|a xo
|c SK
|
| 080 |
|
|
|a 82.09:885.4-3(048)
|2 1981
|
| 080 |
|
|
|a 885.4-3(048)
|2 1981
|
| 100 |
1 |
|
|a Hamada, Milan,
|d 1933-2023
|4 aut
|9 222212
|
| 245 |
1 |
0 |
|a Hrúzova veľká "hra" o život
|b (Nad dvoma knihami bezútešnými.)
|c Milan Hamada
|
| 650 |
0 |
7 |
|a poviedky psychologické
|2 snkbucl
|9 893883
|
| 655 |
|
7 |
|a články z novín a časopisov
|2 snkbucl
|9 267496
|
| 655 |
|
7 |
|a články z odboru literárna veda a krásna literatúra
|2 snkbucl
|9 770045
|
| 700 |
1 |
|
|a Hrúz, Pavel,
|d 1941-2008
|4 aut
|9 93625
|
| 773 |
0 |
|
|t Tvorba T
|g Roč. 2(11), č. 2 (1992), s. 29-30
|
| 787 |
0 |
8 |
|i Rec.:
|a Hrúz, Pavel
|t Chliev a hry
|d Bratislava : Smena, 1990
|
| 850 |
|
|
|a Slovenská národná knižnica v Martine
|a MTA001
|
| 852 |
|
|
|a SNK
|b KIS3GCP
|
| 958 |
|
|
|a RK
|
| 958 |
|
|
|a LX
|
| 992 |
|
|
|a RBX
|
| 999 |
|
|
|c 2095083
|d 2097013
|